Cô hàng rau Kịch

Guardat en:
Dades bibliogràfiques
Autor principal: Học Phi
Format: Llibre
Publicat: H. Hội nhà văn Việt Nam 1984
Matèries:
Etiquetes: Afegir etiqueta
Sense etiquetes, Sigues el primer a etiquetar aquest registre!
Thư viện lưu trữ: Trung tâm Học liệu Lê Vũ Hùng, Trường Đại học Đồng Tháp
LEADER 00707pam a22002298a 4500
001 00022445
005 20171026081023.0
008 110530s1984 ||||||Viesd
041 0 # |a Vie 
082 1 4 |a 893.922 234  |b C450H 
100 0 # |a Học Phi 
245 0 0 |a Cô hàng rau  |b Kịch  |c Học Phi 
260 # # |b Hội nhà văn Việt Nam  |c 1984  |a H. 
300 # # |a 202 tr.  |c 19 cm. 
650 # 4 |a Việt Nam 
650 # 4 |a Văn học hiện đại 
653 # # |a Kịch 
852 # # |b Kho mượn  |j KM.0011486 
852 # # |b Kho đọc  |j KD.0007053 
852 # # |j KD.0007053  |j KM.0011486 
910 0 # |a kìm  |d 30/05/2011 
980 # # |a Trung tâm Học liệu Lê Vũ Hùng, Trường Đại học Đồng Tháp